[Event "Midland Ch Forrest Cup"]
[Site "Derby"]
[Date "1992.03.21"]
[Round "4"]
[White "Mercs, Peter J"]
[Black "Toscano, John"]
[Result "0-1"]
[WhiteElo "1960"]
[BlackElo "1848"]
[PlyCount "120"]
[EventDate "1992.03.20"]
[EventType "swiss"]
[EventRounds "6"]
[EventCountry "ENG"]
[SourceTitle "BritBase"]
[Source "John Saunders"]
[SourceDate "2022.11.28"]
[SourceVersion "1"]
[SourceVersionDate "2022.08.23"]
[SourceQuality "1"]

1. e4 e6 2. d4 d5 3. Nc3 Bb4 4. e5 c5 5. a3 Ba5 6. b4 cxd4 7. Nb5 Bc7 8. Nf3
Nc6 9. Nxc7+ Qxc7 10. Bf4 Nge7 11. Bd3 Ng6 12. Bxg6 hxg6 13. O-O Bd7 14. Re1 a5
15. b5 Ne7 16. Nxd4 Nf5 17. Nxf5 gxf5 18. a4 Qc4 19. Bg5 Rc8 20. Qf3 Qxc2 21.
Rec1 Qe4 22. Rxc8+ Bxc8 23. Qc3 O-O 24. Qc7 Qd4 25. Rc1 Qxa4 26. Bd8 Qxb5 27.
Qxc8 a4 28. Qc7 a3 29. Be7 Ra8 30. Bxa3 Rxa3 31. Qd8+ Kh7 32. Qh4+ Kg6 33. g4
fxg4 34. Qxg4+ Kh6 35. Qh4+ Kg6 36. Kh1 Kf5 37. Qh5+ g5 38. Qxf7+ Kxe5 39. Re1+
Kd4 40. Qf6+ Kc4 41. Rc1+ Kb4 42. Rb1+ Rb3 43. Qe7+ Kc4 44. Rc1+ Rc3 45. Qc7+
Qc6 46. Rxc3+ Kxc3 47. Qg3+ Kb2 48. f3 Qc3 49. Qf2+ Kb1 50. Qb6+ Kc2 51. Qf2+
Qd2 52. Qc5+ Kd1 53. Qa3 Ke2 54. Kg2 d4 55. f4 Ke1+ 56. Kh1 Qxf4 57. Qa1+ Ke2
58. Qa2+ Ke3 59. h4 Qxh4+ 60. Kg1 Qe1+ 0-1

[Event "Midland Ch Forrest Cup"]
[Site "Derby"]
[Date "1992.03.21"]
[Round "4"]
[White "Naylor, John"]
[Black "Cooper, Lawrence"]
[Result "0-1"]
[WhiteElo "2168"]
[BlackElo "2256"]
[PlyCount "192"]
[EventDate "1992.03.20"]
[EventType "swiss"]
[EventRounds "6"]
[EventCountry "ENG"]
[SourceTitle "BritBase"]
[Source "John Saunders"]
[SourceDate "2022.11.28"]
[SourceVersion "1"]
[SourceVersionDate "2022.08.23"]
[SourceQuality "1"]

1. d4 d5 2. Nf3 Bf5 3. Bg5 h6 4. Bh4 c6 5. e3 Qb6 6. b3 e6 7. Bd3 Bxd3 8. Qxd3
Ne7 9. O-O Nf5 10. Bg3 Nxg3 11. hxg3 Nd7 12. Nbd2 Be7 13. e4 O-O 14. c4 dxe4
15. Nxe4 Rad8 16. Qc2 Qa5 17. Rfd1 Rfe8 18. Rd2 Nf6 19. Rad1 Nxe4 20. Qxe4 Bf6
21. Qe3 Qb4 22. Rd3 a5 23. a4 b5 24. axb5 cxb5 25. c5 a4 26. bxa4 bxa4 27. Ra3
Rd5 28. Qc3 Qxc3 29. Rxc3 Ra8 30. c6 Rc8 31. Rb1 Ra5 32. Ra1 Be7 33. Ne5 a3 34.
Nd7 Rc7 35. Nc5 Bxc5 36. Rxc5 Rxc5 37. dxc5 Rxc6 38. Rxa3 Rxc5 39. g4 Rc4 40.
f3 Kh7 41. Kf2 Rc2+ 42. Kg3 e5 43. Re3 f6 44. Ra3 Kg6 45. Ra7 Rc8 46. Rb7 Rf8
47. Ra7 Rf7 48. Ra5 h5 49. gxh5+ Kxh5 50. Rb5 Re7 51. Ra5 Kg6 52. Ra4 Rd7 53.
Ra6 Rd2 54. Ra7 Kh6 55. Rb7 g6 56. Rb4 Kg5 57. Rg4+ Kf5 58. Ra4 Rd4 59. Ra5 Ke6
60. Ra6+ Rd6 61. Ra7 f5 62. Ra5 Kf6 63. Ra2 Rd4 64. Ra3 Rd2 65. Ra6+ Kg5 66.
Ra4 Re2 67. Ra3 Rb2 68. Rc3 Rb6 69. Ra3 Kf6 70. Ra8 Rd6 71. Ra3 Rc6 72. Rb3 Ke6
73. Rd3 e4 74. fxe4 fxe4 75. Ra3 Ke5 76. Kf2 $2 (76. Kg4 $11) (76. Ra4 $11)
76... Rc2+ (76... Kf4 $19) 77. Ke3 $2 (77. Kg3 $1 $11) 77... Rc5 78. g3 Kf5 79.
Rb3 Rd5 80. Rb4 Rd3+ 81. Kf2 g5 82. Ra4 Rb3 83. Rc4 Rb2+ 84. Ke3 Kg4 $1 $19 85.
Rxe4+ Kxg3 86. Re8 g4 87. Rg8 Rb7 88. Ke2 Rf7 89. Ke1 Kh3 90. Rh8+ Kg2 91. Rh6
Re7+ 92. Kd2 g3 93. Rg6 Kf2 94. Rf6+ Kg1 95. Rg6 g2 96. Rf6 Rh7 0-1

[Event "Midland Ch Forrest Cup"]
[Site "Derby"]
[Date "1992.03.21"]
[Round "4"]
[White "Richardson, Alex"]
[Black "Dutton, Ian R"]
[Result "0-1"]
[WhiteElo "1904"]
[BlackElo "2128"]
[PlyCount "78"]
[EventDate "1992.03.20"]
[EventType "swiss"]
[EventRounds "6"]
[EventCountry "ENG"]
[SourceTitle "BritBase"]
[Source "John Saunders"]
[SourceDate "2022.11.28"]
[SourceVersion "1"]
[SourceVersionDate "2022.08.23"]
[SourceQuality "1"]

1. e4 c5 2. Nc3 e6 3. Nge2 a6 4. g3 Nc6 5. Bg2 g6 6. d3 Bg7 7. Rb1 Nge7 8. h4
h5 9. Bg5 b5 10. Qd2 Bb7 11. a3 Rc8 12. O-O Qc7 13. Rfe1 d6 14. Nd1 O-O 15. Bh6
Bxh6 16. Qxh6 Ne5 17. Qd2 d5 18. Ne3 Rcd8 19. exd5 Nxd5 20. Nc3 Nf6 21. Qe2
Bxg2 22. Nxg2 Nc6 23. Qf3 Ng4 24. Ne2 Nce5 25. Qe4 f5 26. Qf4 Qc6 27. Rf1 Nf3+
28. Kh1 e5 29. Qc1 g5 30. Ng1 f4 31. hxg5 Rd7 32. a4 Nfh2 33. Qd2 fxg3 34. Nh3
Nxf1 35. Rxf1 Rdf7 36. f4 exf4 37. Rxf4 Rxf4 38. Nhxf4 Nf2+ 39. Kg1 Rxf4 0-1

[Event "Midland Ch Forrest Cup"]
[Site "Derby"]
[Date "1992.03.21"]
[Round "4"]
[White "Robinson, John K"]
[Black "Gibbons, Michael J"]
[Result "0-1"]
[WhiteElo "2096"]
[BlackElo "1880"]
[PlyCount "96"]
[EventDate "1992.03.20"]
[EventType "swiss"]
[EventRounds "6"]
[EventCountry "ENG"]
[SourceTitle "BritBase"]
[Source "John Saunders"]
[SourceDate "2022.11.28"]
[SourceVersion "1"]
[SourceVersionDate "2022.08.23"]
[SourceQuality "1"]

1. d4 f5 2. e4 fxe4 3. Nc3 Nf6 4. f3 d5 5. Bg5 Bf5 6. Qd2 Nbd7 7. O-O-O e6 8.
a3 Be7 9. Re1 O-O 10. Nge2 c5 11. g4 Bg6 12. Nf4 Bf7 13. fxe4 dxe4 14. Nxe4
Nxe4 15. Bxe7 Nxd2 16. Bxd8 Nxf1 17. Be7 Rfe8 18. Bxc5 Nxc5 19. dxc5 e5 20. Nd3
e4 21. Nf4 g5 22. Nh3 Nxh2 23. Rxh2 Re5 24. Rhe2 Bg6 25. Nf2 Rae8 26. Re3 Kg7
27. b4 Rf8 28. R3e2 Rfe8 29. Nd1 h5 30. Ne3 hxg4 31. Nc4 R5e7 32. Nd6 Rf8 33.
Nxe4 Rfe8 34. Ng3 Rxe2 35. Rxe2 Rxe2 36. Nxe2 Kf6 37. Kd2 Ke5 38. Ke3 Bxc2 39.
Nd4 Be4 40. Nb5 a6 41. Nc3 g3 42. a4 g2 43. Ne2 Bc6 44. Kf2 Kd5 45. Nc3+ Kc4
46. b5 Kxc3 47. bxc6 bxc6 48. Kxg2 Kb4 0-1

[Event "Midland Ch Forrest Cup"]
[Site "Derby"]
[Date "1992.03.21"]
[Round "4"]
[White "Rogerson, Alan M"]
[Black "Eames, Robert S"]
[Result "0-1"]
[WhiteElo "1880"]
[BlackElo "2024"]
[PlyCount "46"]
[EventDate "1992.03.20"]
[EventType "swiss"]
[EventRounds "6"]
[EventCountry "ENG"]
[SourceTitle "BritBase"]
[Source "John Saunders"]
[SourceDate "2022.11.28"]
[SourceVersion "1"]
[SourceVersionDate "2022.08.23"]
[SourceQuality "1"]

1. e4 e5 2. Nf3 Nc6 3. Bb5 a6 4. Ba4 Nf6 5. O-O Be7 6. Re1 b5 7. Bb3 O-O 8. c3
d5 9. exd5 Nxd5 10. Nxe5 Nxe5 11. Rxe5 c6 12. d4 Bd6 13. Re1 Qh4 14. g3 Qh3 15.
Be3 Bg4 16. Qd3 Rae8 17. Nd2 Re6 18. Qf1 Qh5 19. a4 bxa4 20. Rxa4 f5 21. f4
Rfe8 22. Raa1 $4 (22. Qf2 $11) 22... Rxe3 23. Qf2 Re2 0-1

[Event "Midland Ch Forrest Cup"]
[Site "Derby"]
[Date "1992.03.21"]
[Round "4"]
[White "Stimpson, Paul"]
[Black "Ledger, Dave J"]
[Result "0-1"]
[WhiteElo "1824"]
[BlackElo "2160"]
[PlyCount "54"]
[EventDate "1992.03.20"]
[EventType "swiss"]
[EventRounds "6"]
[EventCountry "ENG"]
[SourceTitle "BritBase"]
[Source "John Saunders"]
[SourceDate "2022.11.28"]
[SourceVersion "1"]
[SourceVersionDate "2022.08.23"]
[SourceQuality "1"]

1. e4 e5 2. Nf3 Nc6 3. Bb5 a6 4. Ba4 Nf6 5. O-O Nxe4 6. d4 b5 7. Bb3 d5 8. dxe5
Be6 9. c3 Be7 10. Qd3 Nc5 11. Qe2 Nxb3 12. axb3 d4 13. cxd4 Nxd4 14. Nxd4 Qxd4
15. Rxa6 Rxa6 16. Qxb5+ Bd7 17. Qxa6 Qxe5 18. Qa8+ Bd8 19. Bd2 O-O 20. Bc3 Qb5
21. Rd1 Re8 22. Qd5 Qxd5 23. Rxd5 Be6 24. Re5 Be7 25. Nd2 Rd8 26. Re4 Bg5 27.
Rd4 Rxd4 0-1

[Event "Midland Ch Forrest Cup"]
[Site "Derby"]
[Date "1992.03.22"]
[Round "5"]
[White "Burke, Steven J"]
[Black "Cammack, George E"]
[Result "1-0"]
[WhiteElo "1960"]
[BlackElo "1392"]
[PlyCount "107"]
[EventDate "1992.03.20"]
[EventType "swiss"]
[EventRounds "6"]
[EventCountry "ENG"]
[SourceTitle "BritBase"]
[Source "John Saunders"]
[SourceDate "2022.11.28"]
[SourceVersion "1"]
[SourceVersionDate "2022.08.23"]
[SourceQuality "1"]

1. e4 e5 2. f4 Bc5 3. Nf3 Nc6 4. fxe5 Nxe5 5. Nxe5 Qh4+ 6. g3 Qxe4+ 7. Qe2 Qxh1
8. Ng6+ Ne7 9. Nxh8 d6 10. Nc3 Be6 11. Ne4 O-O-O 12. d4 Bxd4 13. Bg5 Bxb2 14.
Rb1 Bd5 15. Rxb2 Re8 16. Nf2 Qxh2 17. Bh3+ Kb8 18. Bxe7 Qxg3 19. Rb3 Bxb3 20.
axb3 Rxh8 21. Bd7 h5 22. Kf1 g5 $2 (22... h4) 23. Qb5 $1 $18 Qc3 (23... a6 24.
Qd5 h4 25. Bf6 $18) 24. Qf5 Qa1+ 25. Kg2 Qg7 26. Bf6 Qh7 27. Bxh8 Qxh8 28. Qxf7
a6 29. Qe8+ Qxe8 30. Bxe8 h4 31. Kh3 c5 32. Kg4 b5 33. Kxg5 Kc7 34. Kxh4 d5 35.
Kg5 Kd6 36. Kf4 c4 37. b4 Ke6 38. Ke3 Ke7 39. Bxb5 axb5 40. Kd4 Kd6 41. Nd1 Ke6
42. Nc3 Kd7 43. Kxd5 Kc7 44. Nxb5+ Kb6 45. Kxc4 Kc6 46. c3 Kb6 47. Nd4 Kb7 48.
Kd5 Kb6 49. c4 Kc7 50. c5 Kd7 51. Ne6 Kc8 52. Kd6 Kb7 53. Kd7 Kb8 54. c6 1-0

[Event "Midland Ch Forrest Cup"]
[Site "Derby"]
[Date "1992.03.22"]
[Round "5"]
[White "Cole, Graham J"]
[Black "Rogerson, Alan M"]
[Result "1-0"]
[WhiteElo "1992"]
[BlackElo "1880"]
[PlyCount "51"]
[EventDate "1992.03.20"]
[EventType "swiss"]
[EventRounds "6"]
[EventCountry "ENG"]
[SourceTitle "BritBase"]
[Source "John Saunders"]
[SourceDate "2022.11.28"]
[SourceVersion "1"]
[SourceVersionDate "2022.08.23"]
[SourceQuality "1"]

1. e4 c5 2. Nf3 d6 3. c3 Nf6 4. Be2 Nxe4 $4 5. Qa4+ Bd7 6. Qxe4 Bc6 7. Qh4 b5
8. O-O Nd7 9. d4 c4 10. Re1 Nf6 11. Bg5 h6 12. Bxf6 gxf6 13. Nbd2 Qd7 14. a4 d5
15. axb5 Bxb5 16. Bd1 Rc8 17. Qxf6 Rg8 18. Qf4 e6 19. Ne5 Qe7 20. Bh5 Rg7 21.
Ndf3 Rc7 22. Nxf7 Kd7 23. Qxc7+ Kxc7 24. Rxa7+ Kb8 25. Rxe7 Bxe7 26. Rxe6 1-0

[Event "Midland Ch Forrest Cup"]
[Site "Derby"]
[Date "1992.03.22"]
[Round "5"]
[White "Cooper, David M"]
[Black "Mercs, Peter J"]
[Result "0-1"]
[WhiteElo "1936"]
[BlackElo "1960"]
[PlyCount "60"]
[EventDate "1992.03.20"]
[EventType "swiss"]
[EventRounds "6"]
[EventCountry "ENG"]
[SourceTitle "BritBase"]
[Source "John Saunders"]
[SourceDate "2022.11.28"]
[SourceVersion "1"]
[SourceVersionDate "2022.08.23"]
[SourceQuality "1"]

1. e4 g6 2. d4 Bg7 3. Nc3 c6 4. Nf3 d5 5. h3 Nf6 6. exd5 cxd5 7. Bb5+ Nc6 8.
Ne5 O-O 9. O-O Nxe5 10. dxe5 Nd7 11. Nxd5 Nxe5 12. Be3 Be6 13. Nf4 Bc4 14. Bxc4
Nxc4 15. Bc1 Qxd1 16. Rxd1 Rfd8 17. Re1 Na3 18. Rxe7 Rd1+ 19. Kh2 Nxc2 20. Rb1
Nd4 21. Nd5 Rc8 22. Nc3 Rf1 23. Be3 Rxb1 24. Nxb1 Nf5 25. Re4 Nxe3 26. Rxe3
Bxb2 27. Nd2 Rc2 28. Nf3 Bc1 29. Re7 Bf4+ 30. Kg1 Rxa2 0-1

[Event "Midland Ch Forrest Cup"]
[Site "Derby"]
[Date "1992.03.22"]
[Round "5"]
[White "Cooper, Lawrence"]
[Black "Ledger, Stephen C"]
[Result "1-0"]
[WhiteElo "2256"]
[BlackElo "2112"]
[PlyCount "101"]
[EventDate "1992.03.20"]
[EventType "swiss"]
[EventRounds "6"]
[EventCountry "ENG"]
[SourceTitle "BritBase"]
[Source "John Saunders"]
[SourceDate "2022.11.28"]
[SourceVersion "1"]
[SourceVersionDate "2022.08.23"]
[SourceQuality "1"]

1. e4 c5 2. Nc3 Nc6 3. Nf3 g6 4. d4 cxd4 5. Nxd4 Bg7 6. Be3 d6 7. Qd2 Nf6 8. f3
Bd7 9. g4 Qa5 10. Nb3 Qc7 11. Bh6 Bxh6 12. Qxh6 Nb4 13. O-O-O Be6 14. Kb1 O-O-O
15. a3 Nc6 16. Nd5 Bxd5 17. exd5 Ne5 18. Qe3 Kb8 19. h3 Rc8 20. c3 Rhe8 21. f4
Nc4 22. Qd4 Nd7 23. Rh2 Ndb6 24. Bxc4 Qxc4 25. Nc1 Qxd4 26. Rxd4 Rc4 27. Rxc4
Nxc4 28. Re2 Nb6 29. Rd2 Rc8 30. Kc2 Rc5 31. Nd3 Rxd5 32. Re2 e6 33. b3 Nd7 34.
c4 Ra5 35. Kb2 b5 36. b4 bxc4 37. bxa5 cxd3 38. Rd2 e5 39. fxe5 Nxe5 40. Kc3
Kc7 41. Rb2 h5 42. gxh5 gxh5 43. a6 Kc6 44. Rb7 Kd5 45. Rxa7 Ke4 46. Rb7 d5 47.
a7 d4+ 48. Kd2 Nc4+ 49. Kd1 d2 50. a8=Q Kd3 51. Rb3# 1-0

[Event "Midland Ch Forrest Cup"]
[Site "Derby"]
[Date "1992.03.22"]
[Round "5"]
[White "Eames, Robert S"]
[Black "Alcock, Michael W"]
[Result "1/2-1/2"]
[WhiteElo "2024"]
[BlackElo "2240"]
[PlyCount "84"]
[EventDate "1992.03.20"]
[EventType "swiss"]
[EventRounds "6"]
[EventCountry "ENG"]
[SourceTitle "BritBase"]
[Source "John Saunders"]
[SourceDate "2022.11.28"]
[SourceVersion "1"]
[SourceVersionDate "2022.08.23"]
[SourceQuality "1"]

1. d4 d5 2. c4 e6 3. Nc3 c5 4. cxd5 cxd4 5. Qa4+ Bd7 6. Qxd4 exd5 7. Qxd5 Nc6
8. e3 Nf6 9. Qd1 Bc5 10. Nf3 Qe7 11. a3 O-O 12. Be2 Rfd8 13. Qc2 Rac8 14. O-O
Bg4 15. Rd1 Rxd1+ 16. Qxd1 Rd8 17. Qc2 Ne5 18. b4 Bd6 19. Nd4 Bb8 20. Bb2 Qc7
21. Ndb5 Qc8 22. Rd1 Rxd1+ 23. Qxd1 Nc4 24. Ba1 a6 25. Bxg4 Nxg4 26. Nd5 Bxh2+
27. Kf1 Qd7 28. Ne7+ Qxe7 29. Qxg4 Be5 30. Qxc4 Bxa1 31. Nd4 Qd7 32. Ke2 g6 33.
Kd3 Qg4 34. f3 Qxg2 35. Qc8+ Kg7 36. Qxb7 Qf1+ 37. Ke4 Qb1+ 38. Kd5 Qd3 39. Qe7
Bxd4 40. exd4 Qxf3+ 41. Kc5 Qc3+ 42. Kd5 Qf3+ 1/2-1/2

[Event "Midland Ch Forrest Cup"]
[Site "Derby"]
[Date "1992.03.22"]
[Round "5"]
[White "Gilmore, Simon N"]
[Black "Stimpson, Paul"]
[Result "1-0"]
[WhiteElo "1904"]
[BlackElo "1824"]
[PlyCount "29"]
[EventDate "1992.03.20"]
[EventType "swiss"]
[EventRounds "6"]
[EventCountry "ENG"]
[SourceTitle "BritBase"]
[Source "John Saunders"]
[SourceDate "2022.11.28"]
[SourceVersion "1"]
[SourceVersionDate "2022.08.23"]
[SourceQuality "1"]

1. Nf3 Nf6 2. g3 d6 3. d4 Bf5 4. Bg2 e6 5. c4 Be7 6. Nc3 d5 7. Qb3 Nc6 8. Bf4
Nb4 9. Rc1 dxc4 10. Qxc4 c6 11. Ne5 O-O 12. e4 $16 Bg6 13. O-O b5 14. Qe2 Qxd4
15. a3 1-0

[Event "Midland Ch Forrest Cup"]
[Site "Derby"]
[Date "1992.03.22"]
[Round "5"]
[White "Joseph, Stephen Mario"]
[Black "Ledger, Andrew J"]
[Result "1/2-1/2"]
[WhiteElo "2120"]
[BlackElo "2288"]
[PlyCount "40"]
[EventDate "1992.03.20"]
[EventType "swiss"]
[EventRounds "6"]
[EventCountry "ENG"]
[SourceTitle "BritBase"]
[Source "John Saunders"]
[SourceDate "2022.11.28"]
[SourceVersion "1"]
[SourceVersionDate "2022.08.23"]
[SourceQuality "1"]

1. c4 Nf6 2. Nc3 e5 3. g3 Bb4 4. Bg2 O-O 5. Nf3 Re8 6. O-O Nc6 7. Nd5 Bf8 8. d3
h6 9. a3 d6 10. b4 Nxd5 11. cxd5 Ne7 12. Qb3 c6 13. dxc6 bxc6 14. Bb2 Be6 15.
Qc2 f5 16. Nd2 Rc8 17. Nc4 Qd7 18. f4 exf4 19. Rxf4 Ng6 20. Rf2 d5 1/2-1/2

[Event "Midland Ch Forrest Cup"]
[Site "Derby"]
[Date "1992.03.22"]
[Round "5"]
[White "Ledger, Dave J"]
[Black "Archer-Lock, Christopher J"]
[Result "1/2-1/2"]
[WhiteElo "2160"]
[BlackElo "2072"]
[PlyCount "56"]
[EventDate "1992.03.20"]
[EventType "swiss"]
[EventRounds "6"]
[EventCountry "ENG"]
[SourceTitle "BritBase"]
[Source "John Saunders"]
[SourceDate "2022.11.28"]
[SourceVersion "1"]
[SourceVersionDate "2022.08.23"]
[SourceQuality "1"]

1. Nf3 g6 2. g3 Bg7 3. Bg2 d6 4. O-O f5 5. d3 Nh6 6. Ng5 c6 7. c3 Qb6 8. Nd2
O-O 9. Nc4 Qc7 10. e4 Nf7 11. exf5 Bxf5 12. d4 Nxg5 13. Bxg5 h6 14. Bd2 Bd3 15.
Qb3 d5 16. Ne5 Bxe5 17. dxe5 Bxf1 18. Rxf1 Kh7 19. Be3 Nd7 20. f4 e6 21. Qc2
Rf7 22. Bh3 Re8 23. b3 c5 24. Re1 Nf8 25. Qd3 Rd8 26. Bf2 b6 27. Qd2 Qd7 28. g4
a5 1/2-1/2

[Event "Midland Ch Forrest Cup"]
[Site "Derby"]
[Date "1992.03.22"]
[Round "5"]
[White "McSheehy, Nigel AP"]
[Black "Barnes, Michael H"]
[Result "0-1"]
[WhiteElo "2000"]
[BlackElo "2152"]
[PlyCount "44"]
[EventDate "1992.03.20"]
[EventType "swiss"]
[EventRounds "6"]
[EventCountry "ENG"]
[SourceTitle "BritBase"]
[Source "John Saunders"]
[SourceDate "2022.11.28"]
[SourceVersion "1"]
[SourceVersionDate "2022.08.23"]
[SourceQuality "1"]

1. d4 Nf6 2. c4 g6 3. Nc3 Bg7 4. e4 d6 5. Be2 O-O 6. Nf3 Nbd7 7. O-O e5 8. d5
Nc5 9. Qc2 a5 10. Rb1 Nfxe4 11. Nxe4 Nxe4 12. Be3 f5 13. Nd2 Nxd2 14. Bxd2 g5
15. b4 axb4 16. Bxb4 e4 17. Rfe1 f4 18. Rb3 Bf5 19. Bc3 e3 20. Bd3 Bxd3 21.
Qxd3 exf2+ 22. Kxf2 Rxa2+ 0-1

[Event "Midland Ch Forrest Cup"]
[Site "Derby"]
[Date "1992.03.22"]
[Round "5"]
[White "Raynes, Paul C"]
[Black "Dutton, Ian R"]
[Result "1-0"]
[WhiteElo "2120"]
[BlackElo "2128"]
[PlyCount "85"]
[EventDate "1992.03.20"]
[EventType "swiss"]
[EventRounds "6"]
[EventCountry "ENG"]
[SourceTitle "BritBase"]
[Source "John Saunders"]
[SourceDate "2022.11.28"]
[SourceVersion "1"]
[SourceVersionDate "2022.08.23"]
[SourceQuality "1"]

1. e4 c5 2. Nf3 d6 3. d4 cxd4 4. Nxd4 Nf6 5. Nc3 a6 6. Bg5 e6 7. f4 Be7 8. Qf3
Qc7 9. O-O-O Nbd7 10. g4 b5 11. Bxf6 Nxf6 12. g5 Nd7 13. f5 Bxg5+ 14. Kb1 Ne5
15. Qh5 Qe7 16. Nxe6 Bxe6 17. fxe6 g6 18. exf7+ Kxf7 19. Qe2 Kg7 20. Nd5 Qd8
21. Bg2 Rf8 22. Rdf1 Rxf1+ 23. Bxf1 Ra7 24. Qg2 Rf7 25. Bd3 Nf3 26. Rd1 Qf8 27.
a3 h6 28. Ka2 Ne5 29. Qg3 Rf3 30. Qe1 Qc8 31. Qb4 Qc6 32. Qd4 a5 33. Qa7+ Rf7
34. Qxa5 Nxd3 35. cxd3 Kh7 36. Nc3 Rb7 37. Qb4 Bd8 38. Nd5 Qc2 39. Rd2 Qc6 40.
Qd4 b4 41. Nxb4 Qa4 42. Rf2 Qd7 43. Rf8 1-0

[Event "Midland Ch Forrest Cup"]
[Site "Derby"]
[Date "1992.03.22"]
[Round "5"]
[White "Richardson, Alex"]
[Black "Robinson, John K"]
[Result "1/2-1/2"]
[WhiteElo "1904"]
[BlackElo "2096"]
[PlyCount "50"]
[EventDate "1992.03.20"]
[EventType "swiss"]
[EventRounds "6"]
[EventCountry "ENG"]
[SourceTitle "BritBase"]
[Source "John Saunders"]
[SourceDate "2022.11.28"]
[SourceVersion "1"]
[SourceVersionDate "2022.08.23"]
[SourceQuality "1"]

1. f4 e5 2. e4 Bc5 3. Nf3 d5 4. exd5 e4 5. Bb5+ c6 6. dxc6 bxc6 7. Qe2 cxb5 8.
Qxe4+ Qe7 9. Nc3 Qxe4+ 10. Nxe4 Be7 11. O-O Bb7 12. Re1 Bxe4 13. Rxe4 Nf6 14.
Re5 Nc6 15. Rxb5 O-O 16. b3 a6 17. Rb7 Bc5+ 18. Kf1 Rab8 19. Rxb8 Rxb8 20. c3
Nd5 21. g3 Bb6 22. Bb2 Re8 23. Re1 Rxe1+ 24. Kxe1 f6 25. Ke2 Kf7 1/2-1/2

[Event "Midland Ch Forrest Cup"]
[Site "Derby"]
[Date "1992.03.22"]
[Round "5"]
[White "Rutter, Nicholas J"]
[Black "Naylor, John"]
[Result "0-1"]
[WhiteElo "2088"]
[BlackElo "2168"]
[PlyCount "47"]
[EventDate "1992.03.20"]
[EventType "swiss"]
[EventRounds "6"]
[EventCountry "ENG"]
[SourceTitle "BritBase"]
[Source "John Saunders"]
[SourceDate "2022.11.28"]
[SourceVersion "1"]
[SourceVersionDate "2022.08.23"]
[SourceQuality "1"]

1. e4 g6 2. d4 Bg7 3. Nc3 c6 4. f4 d5 5. e5 h5 6. Be3 Nh6 7. Nf3 Bg4 8. Be2 e6
9. b4 Bf8 10. Rb1 Bxf3 11. Bxf3 Nd7 12. O-O a5 13. b5 Nf5 14. Bf2 c5 15. Kh1
Rc8 16. Re1 cxd4 17. Nxd5 exd5 18. e6 Nf6 19. Bxd4 Nxd4 20. Qxd4 Bb4 21. Rxb4
axb4 22. Bxd5 Qxd5 23. Qxf6 O-O 24. Qe7 0-1

[Event "Midland Ch Forrest Cup"]
[Site "Derby"]
[Date "1992.03.22"]
[Round "5"]
[White "Vere, Joe W"]
[Black "Gibbons, Michael J"]
[Result "1/2-1/2"]
[WhiteElo "2016"]
[BlackElo "1880"]
[PlyCount "49"]
[EventDate "1992.03.20"]
[EventType "swiss"]
[EventRounds "6"]
[EventCountry "ENG"]
[SourceTitle "BritBase"]
[Source "John Saunders"]
[SourceDate "2022.11.28"]
[SourceVersion "1"]
[SourceVersionDate "2022.08.23"]
[SourceQuality "1"]

1. d4 d5 2. e3 Nf6 3. Bd3 g6 4. Nd2 Bg7 5. f4 Bf5 6. Ngf3 Nbd7 7. Ne5 c5 8.
Nxd7 Nxd7 9. Bxf5 gxf5 10. c3 e6 11. O-O cxd4 12. cxd4 Nf6 13. Nf3 Ne4 14. Bd2
O-O 15. Qb3 Qd7 16. Rac1 Rfc8 17. Rxc8+ Rxc8 18. Rc1 Rxc1+ 19. Bxc1 Qc6 20. Bd2
f6 21. Kf1 Bf8 22. Ke2 b6 23. a3 a5 24. Ne1 Bd6 25. Qc2 1/2-1/2

[Event "Midland Ch Forrest Cup"]
[Site "Derby"]
[Date "1992.03.22"]
[Round "6"]
[White "Alcock, Michael W"]
[Black "Ledger, Dave J"]
[Result "0-1"]
[WhiteElo "2240"]
[BlackElo "2160"]
[PlyCount "118"]
[EventDate "1992.03.20"]
[EventType "swiss"]
[EventRounds "6"]
[EventCountry "ENG"]
[SourceTitle "BritBase"]
[Source "John Saunders"]
[SourceDate "2022.11.28"]
[SourceVersion "1"]
[SourceVersionDate "2022.08.23"]
[SourceQuality "1"]

1. d4 Nf6 2. Nc3 d5 3. Bg5 g6 4. Bxf6 exf6 5. e3 Bg7 6. Qf3 c6 7. Bd3 f5 8.
Nge2 Nd7 9. Nf4 Nf6 10. h4 Ne4 11. Bxe4 dxe4 12. Qe2 Bf6 13. Qc4 O-O 14. g3 Qd6
15. d5 Bd7 16. Rd1 b5 17. Qb3 c5 18. Nxb5 Bxb5 19. Qxb5 Rab8 20. Qc6 Qxc6 21.
dxc6 Rxb2 22. O-O Rc8 23. Rd7 Rxc6 24. Rxa7 Rd6 25. c4 Rc2 26. Nd5 Rxc4 27.
Nxf6+ Rxf6 28. Rd1 h6 29. a4 g5 30. hxg5 hxg5 31. a5 f4 32. gxf4 gxf4 33. exf4
Rxf4 34. Rd2 Rc1+ 35. Kg2 Rg4+ 36. Kh2 c4 37. Rd8+ Kg7 38. Rdd7 Rf4 39. Kg3
Rf3+ 40. Kg2 Rc2 41. Re7 Rcxf2+ 42. Kg1 Ra2 43. Rxe4 c3 44. Rc7 Rxa5 45. Kg2
Rd3 46. Rg4+ Kf8 47. Rf4 Ra2+ 48. Rf2 Rxf2+ 49. Kxf2 Kg7 50. Rc6 f6 51. Rc5 Kg6
52. Ke2 Rh3 53. Kf2 f5 54. Kg2 Rd3 55. Kf2 Kg5 56. Rc8 f4 57. Rg8+ Kf5 58. Re8
f3 59. Re7 Kf4 0-1

[Event "Midland Ch Forrest Cup"]
[Site "Derby"]
[Date "1992.03.22"]
[Round "6"]
[White "Archer-Lock, Christopher J"]
[Black "Cooper, Lawrence"]
[Result "1/2-1/2"]
[WhiteElo "2072"]
[BlackElo "2256"]
[PlyCount "126"]
[EventDate "1992.03.20"]
[EventType "swiss"]
[EventRounds "6"]
[EventCountry "ENG"]
[SourceTitle "BritBase"]
[Source "John Saunders"]
[SourceDate "2022.11.28"]
[SourceVersion "1"]
[SourceVersionDate "2022.08.23"]
[SourceQuality "1"]

1. d4 Nf6 2. c4 e6 3. g3 c5 4. Nf3 cxd4 5. Nxd4 a6 6. Bg2 Qc7 7. Nd2 Nc6 8.
Nxc6 dxc6 9. O-O e5 10. Qc2 Be6 11. b3 Be7 12. Bb2 Nd7 13. Rfd1 O-O 14. a4 a5
15. Ne4 f5 16. Bh3 Nc5 17. Nxc5 Bxc5 18. e3 Rae8 19. Rd2 Bc8 20. Rad1 f4 21.
Rd7 Bxd7 22. Rxd7 Qb6 23. gxf4 Bxe3 24. Bf5 Bxf2+ 25. Kg2 c5 26. Bxe5 Rxe5 27.
fxe5 Qh6 28. Qxf2 Qg5+ 29. Qg3 Qxg3+ 30. hxg3 Rxf5 31. Rxb7 Rxe5 32. Rb5 Re3
33. Kf2 Rc3 34. Rxa5 Rxb3 35. Rxc5 Kf7 36. Rc7+ Kf6 37. a5 Ra3 38. Ra7 Rc3 39.
Rc7 Ra3 40. Rc6+ Kf5 41. a6 Kg4 $2 42. Rc7 g5 43. a7 h5 44. Rg7 Rf3+ 45. Ke2
Rf8 46. Rb7 Ra8 47. c5 Kxg3 48. c6 h4 49. c7 h3 50. Rb8 h2 51. Rxa8 h1=Q 52.
c8=Q Qe4+ 53. Kd2 Qd4+ 54. Kc2 Qe4+ 55. Kb3 Qb1+ 56. Kc4 Qa2+ 57. Kc5 Qa5+ 58.
Kd6 Qd2+ 59. Kc7 Qa5+ 60. Kb7 Qb5+ 61. Kc7 Qa5+ 62. Kb8 $2 (62. Kd6 $18) 62...
Qb6+ 63. Qb7 Qd8+ 1/2-1/2